000
00261nam a2200109Ia 4500
008
200302s9999 xx 000 0 und d
100
_a
Arthur W. Johnson
245
_a
Manual of Book Binding
260
_b
Thames and Hudson Ltd.
260
_c
1978
300
_a
224 P.,
999
_c
346
_d
346